Central Library OPAC University of Rajshahi

The psychedelic experience : (Record no. 28824)

MARC details
000 -LEADER
fixed length control field 01108nam a2200301 4500
001 - CONTROL NUMBER
control field 28824
003 - CONTROL NUMBER IDENTIFIER
rucl marc code BD-RjUL
005 - DATE AND TIME OF LATEST TRANSACTION
control field 20211209051332.0
008 - FIXED-LENGTH DATA ELEMENTS--GENERAL INFORMATION
fixed length control field 820221s1964 nyu 000 0 eng d
035 ## - SYSTEM CONTROL NUMBER
System control number (BD-RjUL)
System control number (OCoLC)14598147
040 ## - CATALOGING SOURCE
Original cataloging agency DLC
Transcribing agency DNLM
Modifying agency OKentU
-- TNJ
-- BD-RjUL
Language of cataloging eng
041 ## - LANGUAGE CODE
Language code of text/sound track or separate title eng
060 0# - NATIONAL LIBRARY OF MEDICINE CALL NUMBER
Classification number W1
Item number PS236 no.1 1964
082 ## - DEWEY DECIMAL CLASSIFICATION NUMBER
Classification number 153.7
Author mark and year LEP 1964
100 1# - MAIN ENTRY--PERSONAL NAME
Personal name Leary, Timothy,
Dates associated with a name 1920-1996.
9 (RLIN) 88153
245 14 - TITLE STATEMENT
Title The psychedelic experience :
Remainder of title a manual based on the Tibetan book of the dead /
Statement of responsibility, etc. Timothy Leary [et al.]
260 ## - PUBLICATION, DISTRIBUTION, ETC. (IMPRINT)
Place of publication, distribution, etc. New York :
Name of publisher, distributor, etc. University Books,
Date of publication, distribution, etc. 1964
300 ## - PHYSICAL DESCRIPTION
Pagination 159 p.;
Size 24cm.
500 ## - GENERAL NOTE
General note Contains adaptation of the edition of the Bardo thödol translated by the Lama Kazi Dawa-Samdup, compiled and edited by W. Y. Evans-Wentz, and called the Tibetan book of the dead.
650 #0 - SUBJECT ADDED ENTRY--TOPICAL TERM
Topical term or geographic name as entry element Hallucinations and illusions.
9 (RLIN) 88155
Topical term or geographic name as entry element Hallucinogenic drugs.
9 (RLIN) 88156
942 ## - ADDED ENTRY ELEMENTS (KOHA)
Source of classification or shelving scheme Dewey Decimal Classification
Koha item type Books
Holdings
Lost status Source of classification or shelving scheme Damaged status Not for loan Collection code Permanent Location Current Location Shelving location Date acquired Source of acquisition Total Checkouts Full call number Date last seen Copy number Koha item type
  Dewey Decimal Classification   Added to bundle Non-fiction Central Library, University of Rajshahi Central Library, University of Rajshahi Reading Room 05/07/1966 Asia foundation   153.7 LEP 1964 01/04/2014 C-1 Books